Indonesian Journal of International & Comparative Law

Detalles Bibliográficos
Formato: eBook
Lenguaje:inglés
Publicado: Cianjur: The Institute for Migrant Rights, 2014 -
Materias:
Acceso en línea:Acceso restringido

MARC

LEADER 00000nam a22000007a 4500
005 20140408040855.0
007 cr|||| ||||
008 140408s20149999ae |||| s|||| 0||| 1eng d
035 |a 12061 
040 |a vLex 
090 |c 4768  |d 4768 
245 0 0 |a Indonesian Journal of International & Comparative Law  |h [Recurso electrn̤ico] / 
256 |a Servicio en ln̕ea 
260 |a Cianjur:  |b The Institute for Migrant Rights,  |c 2014 - 
300 |a 1 recurso electrn̤ico 
362 |a Nm︢. 1 (2014) -  
506 1 |a Disponible solo en los productos indicados  |d vLex Global  |d vLex Global (Academic Edition, excluding Law Schools)  |d vLex Global (U.S. Academic Edition, Law Schools)  |d vLex Global (U.S. Academic Edition, excluding Law Schools)  |d vLex Global (Academic Edition, Law Schools) 
650 0 4 |a Derecho Internacional  |z Indonesia 
740 0 |a vLex Libros (Servicio en ln̕ea) 
856 4 0 |u http://vlex.com/source/indonesian-journal-international-comparative-law-12061  |z Acceso restringido 
942 |c REV 
999 0 |a International law